Statistics for Famous Jennifers

Click here to take the quiz!

General Stats

  • This quiz has been taken 700 times
  • The average score is 7 of 16

Answer Stats

HintAnswer% Correct
Friends; Brad Pitt's exJennifer Aniston
97%
"Jenny from the Block"; Gigli; Ben Affleck's exJennifer Lopez
89%
Winter's Bone; The Hunger GamesJennifer Lawrence
77%
Alias, 13 Going On 30, Juno; Ben Affleck's other partnerJennifer Garner
73%
Dreamgirls; Weight Watchers spokespersonJennfer Hudson
60%
I Know What You Did Last Summer, Party of Five, Ghost WhispererJennifer Love Hewitt
60%
Ferris Bueller's Day Off, Dirty DancingJennifer Grey
50%
Former Playboy model; Jim Carrey's ex; misinformed autism activistJenny McCarthy
37%
Requiem for a Dream, A Beautiful MindJennifer Connelly
35%
Fast Times at Ridgemont High, Single White FemaleJennifer Jason Leigh
30%
Flashdance, the L-WordJennifer Beals
24%
Trashy 90's talk show hostJenny Jones
21%
Stifler's MomJennifer Coolidge
15%
Mona Lisa Smile; played Margene on Big LoveGinnifer Goodwin
12%
Actress; World Series of Poker champJennifer Tilly
11%
Kissing Jessica Stein, Friends With Kids; being Jon Hamm's spouseJennifer Westfeldt
6%

Score Distribution

Percentile by Number Answered

Percent of People with Each Score

Your Score History

You have not taken this quiz